Statistics for Most Diverse U.S. Cities

Click here to take the quiz!

General Stats

  • This quiz has been taken 214 times
  • The average score is 10 of 15

Answer Stats

HintAnswer% Correct
3New York
99%
4Chicago
92%
9San Francisco
90%
12Dallas
88%
10Houston
88%
7Boston
84%
14Philadelphia
82%
8San Diego
77%
6San Jose
59%
15Las Vegas
55%
1Oakland
48%
2Sacramento
37%
11Milwaukee
32%
13Fort Worth
25%
5Long Beach
25%

Score Distribution

Percentile by Number Answered

Percent of People with Each Score

Your Score History

You have not taken this quiz